000 00453nam a2200181Ia 4500
003 OSt
005 20250219164923.0
008 240624s9999 xx 000 0 und d
040 _cxyz
041 _aeng
082 _a658.421 LOR
100 _a LORENZO OSWALDO
245 _aENTREPRENEURSHIP INNOVATION AND TECHNOLOGY A GUIDE TO CORE
260 _c2018
_aNew York
_bRoutledge
300 _a116p. ;23cm.
365 _cBPS
_b33
942 _2ddc
_cBK
_n0
999 _c32628
_d32628